Представление документа в формате RUSMARC

ПолеНазваниеЗначение
  Тип записи a
  Библиографический уровень a
001 Контрольный номер UONB/MAIN/e68634e16ffe40aead25921e1c042ba3
005 Дата корректировки 20260114161410.9
100 Данные общей обработки __
a Данные общей обработки 20260114a2025 121|||c0rusy0189 ca
101 Язык документа 0_
a Язык текста rus
102 Страна публикации __
a Страна публикации RU
200 Заглавие и сведения об ответственности 1_
a Заглавие Шапку Мономаха "примерил" экскурсовод президента
203 Вид содержания и тип средства __
a Вид содержания Текст
b Характеристика содержания визуальный
c Тип средства непосредственный
330 Аннотация __
a Аннотация 12 декабря 2025 года во Дворце книги прошла церемония вручения ежегодной областной премии за заслуги в области региональной историографии и краеведения "Шапка Мономаха". Главной наградой удостоен заслуженный работник культуры РФ, кандидат исторических наук, главный научный сотрудник экспозиционного отдела Ленинского мемориала Валерий Александрович Перфилов.
461 Уровень набора _0
1 2000
a Народная газета
463 Уровень физической единицы _0
1 2000
a № 51 (625) (17 декабря)
v С. 5
1 2101
d 2025
1 001RU/REG73/CBS_GRAD/02a65912ff8b4e1ab42d8409b9102ee5
600 Персоналии _1
a Персоналии (Фамилия) Перфилов, Валерий Александрович
610 Ключевые слова 0_
a Ключевые слова премии; "Шапка Мономаха"; победители; областные премии; книжные фестивали; Дворец книги; "Герои на все времена"; фестивали
686 Индексы других классификаций __
a Классификационный индекс 76.125.2
700 Автор _1
a Фамилия Антонова
b Имя (инициалы) И.
g Полное личное имя Ирина
801 Источник записи _0
a Страна RU
b Организация RuCBSGrad
c Дата составления 20260114
g Правила каталогизации RCR
801 Источник записи _1
a Страна RU
b Организация RuCBSGrad
c Дата составления 20251220
g Правила каталогизации RCR
852 Данные о местонахождении __
a Наименование организации МБУК ЦБС г. Димитровграда
901 Тип документа __
t Тип документа f
w Контрольный № источника RU/REG73/CBS_GRAD/02a65912ff8b4e1ab42d8409b9102ee5
909 Создатель записи __
a Создатель записи Тенигина
b Дата создания записи 20260114